| 000 -LEADER |
| fixed length control field |
00576nam a22001817a 4500 |
| 003 - CONTROL NUMBER IDENTIFIER |
| control field |
OSt |
| 005 - DATE AND TIME OF LATEST TRANSACTION |
| control field |
20190102071317.0 |
| 008 - FIXED-LENGTH DATA ELEMENTS--GENERAL INFORMATION |
| fixed length control field |
180320b xxu||||| |||| 00| 0 spa d |
| 040 ## - CATALOGING SOURCE |
| Transcribing agency |
PJ |
| 100 ## - ASIENTO PRINCIPAL - NOMBRE DE PERSONA |
| 9 (RLIN) |
1190 |
| Personal name |
Martiré, Eduardo |
| 245 10 - MENCIÓN DE TÍTULO |
| Título propiamente dicho |
Consideraciones metodológicas sobre la de historia del derecho / |
| Mención de responsabilidad, etc |
Eduardo Martiré. |
| 260 ## - PUBLICATION, DISTRIBUTION, ETC. (IMPRINT) |
| Place of publication, distribution, etc |
Buenos Aires : |
| Name of publisher, distributor, etc |
Abeledo Perrot, |
| Date of publication, distribution, etc |
1977. |
| 300 ## - DESCRIPCION FISICA |
| Extent |
35 p. |
| Dimensions |
23 cm |
| 490 ## - MENCION DE SERIE |
| Mención de Serie |
Lecciones de Historia Jurídica |
| Designación numérica/secuencial del volumen |
4 |
| 650 ## - ASIENTO SECUNDARIO DE MATERIA - TERMINO TEMATICO |
| Topical term or geographic name as entry element |
HISTORIA DEL DERECHO |
| 9 (RLIN) |
202 |
| 650 #0 - ASIENTO SECUNDARIO DE MATERIA - TERMINO TEMATICO |
| Topical term or geographic name as entry element |
METODO JURIDICO |
| 9 (RLIN) |
253 |
| 942 ## - ADDED ENTRY ELEMENTS (KOHA) |
| Source of classification or shelving scheme |
|
| Koha item type |
Libros |
| Classification part |
340.15 |
| Item part |
MAR |